It looks like you're offline.
Open Library logo
additional options menu

MARC record from Internet Archive

LEADER: 01425cam a2200433 4500
001 ocm01173876
003 OCoLC
005 20200617075200.8
008 741105s1960 enk b 001 0 eng
010 $a 74172431
040 $aDLC$beng$cDLC$dUKM$dOCL$dOCLCG$dEUM$dOCLCO$dOCLCA$dOCLCF$dP4I$dOCLCQ$dOCLCO$dOCLCA$dOCLCQ$dUKMGB
015 $aGB6016494$2bnb
016 7 $a011562956$2Uk
029 1 $aAU@$b000000333461
029 1 $aUKMGB$b011562956
035 $a(OCoLC)01173876
050 04 $aBS1475.3$b.B74 1960
082 4 $a223/.8/077
049 $aMAIN
100 1 $aBridges, Charles,$d1794-1869.
245 13 $aAn exposition of the Book of Ecclesiastes.
246 3 $aEcclesiastes
260 $a[London]$bBanner of Truth Trust,$c1960.
300 $axvi, 319 pages$c19 cm.
336 $atext$btxt$2rdacontent
337 $aunmediated$bn$2rdamedia
338 $avolume$bnc$2rdacarrier
490 1 $aThe Geneva series of commentaries
500 $aCover title: Ecclesiastes.
504 $aIncludes bibliographical references.
590 $bArchive
630 00 $aBible.$pEcclesiastes$vCommentaries.
630 04 $aBible.$pEcclesiastes.
630 07 $aBible.$pEcclesiastes.$2fast$0(OCoLC)fst01892894
655 7 $aCommentaries.$2fast$0(OCoLC)fst01423723
730 02 $aBible.$pEcclesiastes.$lEnglish.$sAuthorized.$f1960.
830 0 $aGeneva series commentary.
994 $a92$bCST
976 $a10011362212